A. Capitel de Lopidana. B. Ventana de Marañón. C. Capitel de Hueto Abajo (Record no. 84532)

MARC details
000 -LEADER
campo de control de longitud fija 03117nkc a2200409za 4500
001 - NÚMERO DE CONTROL
campo de control 84532
003 - IDENTIFICADOR DE NÚMERO DE CONTROL
campo de control OSt
005 - FECHA Y HORA DE LA ÚLTIMA TRANSACCIÓN
campo de control 20260323103106.0
007 - CAMPO FIJO DE DESCRIPCIÓN FÍSICA--INFORMACIÓN GENERAL
campo de control de longitud fija kh boc
008 - DATOS DE LONGITUD FIJA--INFORMACIÓN GENERAL
campo de control de longitud fija 250410s19101911sp ||||| ||||||0| i|spa d
040 ## - FUENTE DE CATALOGACIÓN
Centro catalogador/agencia de origen M-RABA
Lengua de catalogación spa
Centro/agencia transcriptor M-RABA
100 1# - ENTRADA PRINCIPAL--NOMBRE DE PERSONA
Nombre de persona Elorza, Lorenzo
Fechas asociadas al nombre (1861-1931)
9 (RLIN) 111068
245 14 - MENCIÓN DEL TÍTULO
Título A. Capitel de Lopidana. B. Ventana de Marañón. C. Capitel de Hueto Abajo
Mención de responsabilidad, etc. / L. E.
260 ## - PUBLICACIÓN, DISTRIBUCIÓN, ETC.
Fecha de publicación, distribución, etc. [ca. 1910 – 1911]
300 ## - DESCRIPCIÓN FÍSICA
Extensión 3 fotografías
Otras características físicas : gelatina de plata
Dimensiones ; imagen 5,5 x 9 cm
-- ; imagen 6,6 x 9 cm
-- ; imagen 5 x 9 cm
-- ; soporte secundario 26,3 x 20,7
500 ## - NOTA GENERAL
Nota general A. Detalle del pilar donde se apea uno de los arcos torales de la iglesia parroquial de la Purificación de Nuestra Señora en Lopidana, que presenta un historiado capitel, donde dos perros acosan a un toro entre ramaje
500 ## - NOTA GENERAL
Nota general B. Vista de la ventana de la iglesia parroquial de Nuestra Señora de la Asunción en Marañón, formada por arco de medio punto con arquivoltas sobre línea de imposta lisa y triple columna de fuste liso y capitel decorado.<br/>
500 ## - NOTA GENERAL
Nota general C. Capitel del pilar fasciculado de triple fuste del segundo arco toral de la iglesia parroquial de San Vicente en Hueto Abajo, con decoración vegetal.
500 ## - NOTA GENERAL
Nota general 3 fotografías montadas sobre soporte secundario de cartulina azul enmarcada con orla en relieve. Título y numeración manuscrita que hace referencia a la posición en la serie “111”.
500 ## - NOTA GENERAL
Nota general Sello con monograma del fotógrafo en tinta roja “L.E.”
500 ## - NOTA GENERAL
Nota general Fechas tomadas de la ejecución del positivo de las fotografías, incluido el soporte secundario. (Soto Madrazo, Javier. 2008).
500 ## - NOTA GENERAL
Nota general Forman parte de un conjunto de 167 fotografías empleadas por Federico Baráibar Zumárraga para la elaboración del Inventario del Románico en Álava (1911).
504 ## - NOTA DE BIBLIOGRAFÍA, ETC.
Nota de bibliografía, etc. Nota Baraibar, F.: "Rincones artísticos", M. 1914.
505 ## - NOTA DE CONTENIDO CON FORMATO
Nota de contenido con formato A.- Capitel de Lopidana.- B.- Ventana de Marañón.- C.- Capitel de Hueto-abajo. / L. E.
510 ## - NOTA DE CITAS O REFERENCIAS BIBLIOGRÁFICAS
Nombre de la fuente Descripción tomada de: Soto Madrazo, Javier (2008). Federico Baraibar y el Inventario del Románico en Álava: una caja con 167 fotografías.
510 ## - NOTA DE CITAS O REFERENCIAS BIBLIOGRÁFICAS
Nombre de la fuente Esta colección fue utilizada posteriormente por Cristóbal de Castro para la elaboración y publicación del "Catálogo Monumental de España: provincia de Álava", Madrid, S. de Rivadeneira, 1915.
561 ## - PROPIEDAD E HISTORIA DE CUSTODIA/NOTA DE PROCEDENCIA
Historial Donadas junto con la memoria manuscrita a la Academia por el mismo Baraibar (Sesión 12 de febrero de 1912, Archivo: 4-32-1).
610 27 - PUNTO DE ACCESO ADICIONAL DE MATERIA--NOMBRE DE ENTIDAD CORPORATIVA
Nombre de entidad corporativa o nombre de jurisdicción como elemento de entrada Iglesia parroquial de la Purificación de Nuestra Señora (Lopidana)
9 (RLIN) 111635
610 27 - PUNTO DE ACCESO ADICIONAL DE MATERIA--NOMBRE DE ENTIDAD CORPORATIVA
Nombre de entidad corporativa o nombre de jurisdicción como elemento de entrada Iglesia Parroquial Nuestra Señora de la Asunción (Marañón)
9 (RLIN) 111636
610 24 - PUNTO DE ACCESO ADICIONAL DE MATERIA--NOMBRE DE ENTIDAD CORPORATIVA
Nombre de entidad corporativa o nombre de jurisdicción como elemento de entrada Iglesia de San Vicente (Hueto Abajo)
9 (RLIN) 111623
651 #7 - PUNTO DE ACCESO ADICIONAL DE MATERIA--NOMBRE GEOGRÁFICO
Nombre geográfico Álava
Fuente del encabezamiento o término embne
9 (RLIN) 75661
655 #0 - TERMINO DE INDIZACIÓN--GENERO/FORMA
Datos o término principal de género/forma Fotografías de monumentos
9 (RLIN) 111580
700 1# - ENTRADA AGREGADA--NOMBRE PERSONAL
Nombre de persona Baráibar y Zumárraga, Federico
Fechas asociadas al nombre (1851-1918)
9 (RLIN) 12926
852 ## - LOCALIZACIÓN
Número de control de estantería Fot-220
856 ## - LOCALIZACIÓN Y ACCESO ELECTRÓNICOS
Materiales especificados Fot-220
Identificador Uniforme de Recurso <a href="https://archivoybiblioteca.realacademiabellasartessanfernando.com/cgi-bin/koha/opac-retrieve-file.pl?id=06d992381e48cc4e997460b33fa55c99">https://archivoybiblioteca.realacademiabellasartessanfernando.com/cgi-bin/koha/opac-retrieve-file.pl?id=06d992381e48cc4e997460b33fa55c99</a>
942 ## - ELEMENTOS DE ENTRADA SECUNDARIOS (KOHA)
Fuente de la clasificación o esquema de estantería Clasificación Decimal Dewey
Tipo de ítem Koha Fotografías
Suprimir en OPAC No
Holdings
Estatus retirado Estado de pérdida Fuente de la clasificación o esquema de estantería Estado de daño No para préstamo Colección Biblioteca de origen Biblioteca actual Ubicación en estantería Fecha de adquisición Total de préstamos Signatura topográfica completa Código de barras Visto por última vez Precio de reemplazo Tipo de ítem Koha
    Clasificación Decimal Dewey     Fotografía Real Academia de la Bellas Artes de San Fernando Real Academia de la Bellas Artes de San Fernando Depósito 2 22/04/2025   Fot-220 1095411 22/04/2025 22/04/2025 Fotografías

Powered by Koha